[Event "ESP-ch FEDC 29th"]
[Site "San Fernando"]
[Date "2020.11.23"]
[Round "7"]
[White "Sanchez Ruiz, Justo"]
[Black "Martinez Torres, Jose Manuel"]
[Result "1-0"]
[WhiteElo "1547"]
[BlackElo "1495"]
[PlyCount "107"]
[EventDate "2020.11.17"]
[EventType "swiss"]
[EventRounds "7"]
[EventCountry "ESP"]
[SourceTitle "EXT 2024"]
[Source "ChessBase"]
[SourceDate "2023.10.10"]
[SourceVersion "1"]
[SourceVersionDate "2023.10.10"]
[SourceQuality "1"]

1. e4 e6 2. d4 d5 3. e5 c5 4. c3 Nc6 5. Nf3 cxd4 6. cxd4 Bb4+ 7. Nc3 Nge7 8. Bd3 0-0 9. 0-0 Ng6 10. a3 Be7 11. Be3 a6 12. Rc1 Bd7 13. Na4 b5 14. Nc5 Be8 15. b4 Kh8 16. Qd2 Nb8 17. Bg5 Nd7 18. Bxe7 Qxe7 19. Nxd7 Bxd7 20. Rc5 Rfd8 21. Rfc1 Qf8 22. h4 f5 23. exf6 Qxf6 24. Qg5 Be8 25. Qxf6 gxf6 26. Rc7 Nf8 27. g4 Rd7 28. Nh2 e5 29. dxe5 fxe5 30. Bf5 Rxc7 31. Rxc7 Bg6 32. Rc8 Rxc8 33. Bxc8 Bd3 34. Bxa6 Ne6 35. Bb7 Bc4 36. Nf3 e4 37. Ne5 Bb3 38. Nf7+ Kg7 39. Nd6 Nc7 40. Bc6 Ba4 41. Kf1 Bd1 42. Nf5+ Kf6 43. Ne3 Bf3 44. Nxd5+ Nxd5 45. Bxd5 Ke5 46. Bc6 Bxg4 47. Bxb5 h6 48. a4 Kd6 49. Ke1 Kc7 50. Kd2 Kb6 51. Ke3 Bf3 52. Bc4 Kc6 53. Kd4 Bg2 54. Bd5+ 1-0

[Event "ESP-ch FEDC 29th"]
[Site "San Fernando"]
[Date "2020.11.21"]
[Round "5"]
[White "Sanchez Ruiz, Justo"]
[Black "Delgado Lagares, Francisco Javier"]
[Result "0-1"]
[WhiteElo "1547"]
[BlackElo "1697"]
[PlyCount "100"]
[EventDate "2020.11.17"]
[EventType "swiss"]
[EventRounds "7"]
[EventCountry "ESP"]
[SourceTitle "EXT 2024"]
[Source "ChessBase"]
[SourceDate "2023.10.10"]
[SourceVersion "1"]
[SourceVersionDate "2023.10.10"]
[SourceQuality "1"]

1. d4 d5 2. Nf3 e6 3. Bf4 Nf6 4. e3 Nbd7 5. Nbd2 Nh5 6. Bg3 Be7 7. Bd3 Bg5 8. Nxg5 Qxg5 9. Nf3 Qd8 10. Bh4 Nhf6 11. Ne5 c5 12. c3 Qb6 13. Qb3 Nxe5 14. dxe5 Nd7 15. Qxb6 Nxb6 16. Bb5+ Bd7 17. a4 Bxb5 18. axb5 Nc4 19. 0-0 Nxb2 20. Ra2 Nc4 21. Rfa1 Kd7 22. Rxa7 Rxa7 23. Rxa7 Kc7 24. Ra1 Kb6 25. Rb1 Nxe5 26. f4 Nc4 27. Kf2 Ra8 28. g4 Ra2+ 29. Kg3 Re2 30. Bd8+ Ka7 31. Ra1+ Kb8 32. b6 Rxe3+ 33. Kh4 Rxc3 34. Bc7+ Kc8 35. Ra8+ Kd7 36. Rf8 d4 37. Rxf7+ Ke8 38. Rxg7 d3 39. Rg8+ Kf7 40. Rd8 d2 41. Rd7+ Kg6 42. Bd8 Rc1 43. f5+ exf5 44. gxf5+ Kxf5 45. Rf7+ Kg6 46. Rf6+ Kg7 47. Rf2 d1Q 48. Bf6+ Kg8 49. Rg2+ Kf7 50. Rf2 Kg6 0-1

[Event "ESP-ch FEDC 28th"]
[Site "Ubeda"]
[Date "2019.11.24"]
[Round "6"]
[White "Diez Asensio, Jesus"]
[Black "Sanchez Ruiz, Justo"]
[Result "1-0"]
[WhiteElo "1771"]
[BlackElo "1561"]
[PlyCount "129"]
[EventDate "2019.11.19"]
[EventType "swiss"]
[EventRounds "8"]
[EventCountry "ESP"]
[SourceTitle "EXT 2024"]
[Source "ChessBase"]
[SourceDate "2023.10.10"]
[SourceVersion "1"]
[SourceVersionDate "2023.10.10"]
[SourceQuality "1"]

1. Nf3 f5 2. c4 d6 3. g3 e5 4. d3 Nf6 5. Bg2 Be7 6. 0-0 0-0 7. b4 c6 8. Bb2 Na6 9. Qb3 Kh8 10. Nbd2 Bd7 11. e4 Qb6 12. a3 Ng4 13. d4 f4 14. c5 Qd8 15. dxe5 fxg3 16. hxg3 dxe5 17. Nxe5 Nxe5 18. Bxe5 Nc7 19. Nf3 Bf6 20. Rad1 Qc8 21. Bxf6 Rxf6 22. Ng5 Be8 23. Bh3 Qb8 24. Rd6 Rf8 25. a4 Bg6 26. Bg2 h6 27. Nh3 Bf7 28. Qc3 Kg8 29. f4 Qe8 30. f5 Kh7 31. Rfd1 Bh5 32. R1d2 Bg4 33. Nf4 Bh5 34. Rd7 Rf7 35. Qd4 Rxd7 36. Qxd7 Bg4 37. Qxc7 Bxf5 38. Re2 Bg4 39. Re1 Rd8 40. Bh3 Bxh3 41. Nxh3 Rd7 42. Qf4 Rf7 43. Qe3 Qe6 44. Nf4 Qg4 45. e5 h5 46. e6 Re7 47. Kg2 g6 48. Qe5 h4 49. Rh1 g5 50. Nh3 Kg6 51. Re1 Re8 52. Qe4+ Qxe4+ 53. Rxe4 Kf5 54. Re1 g4 55. Nf4 hxg3 56. Kxg3 Re7 57. Rd1 b6 58. Rd7 Kf6 59. Rxe7 Kxe7 60. Kxg4 Kf6 61. cxb6 axb6 62. Kf3 Ke7 63. Ke4 Kd6 64. Kd4 Ke7 65. a5 1-0

[Event "ESP-ch FEDC 26th"]
[Site "Ciudad Real"]
[Date "2017.11.16"]
[Round "5.15"]
[White "Gimeno Diaz, Fernando"]
[Black "Sanchez Ruiz, Justo"]
[Result "1-0"]
[WhiteElo "1763"]
[BlackElo "1567"]
[PlyCount "81"]
[EventDate "2017.11.12"]
[EventType "swiss"]
[EventRounds "8"]
[EventCountry "ESP"]
[SourceTitle "EXT 2024"]
[Source "ChessBase"]
[SourceDate "2023.10.10"]
[SourceVersion "1"]
[SourceVersionDate "2023.10.10"]
[SourceQuality "1"]

1. Nf3 e6 2. d4 f5 3. c4 Nf6 4. e3 b6 5. Be2 Bb7 6. 0-0 Be7 7. Nbd2 0-0 8. b3 Ne4 9. Nxe4 fxe4 10. Nd2 d5 11. Bb2 Bd6 12. g3 Qg5 13. Rc1 Nd7 14. cxd5 exd5 15. b4 Nf6 16. a3 h5 17. h4 Qg6 18. Kh1 Bc8 19. Nb1 Ng4 20. Qe1 Nh6 21. Nc3 Qf5 22. Kg1 Be6 23. Nb5 Qh3 24. Nxd6 cxd6 25. f3 exf3 26. Bxf3 Ng4 27. Rc2 Rac8 28. Rg2 Rc7 29. e4 Rcf7 30. Qe2 g5 31. exd5 Bc8 32. hxg5 Rf5 33. Bc1 R5f7 34. Bf4 h4 35. Bxd6 Rxf3 36. Rxf3 Rxf3 37. Qxf3 hxg3 38. Qf8+ Kh7 39. Qf7+ Kh8 40. g6 Qh6 41. Qe8+ 1-0

[Event "ESP-ch FEDC 26th"]
[Site "Ciudad Real"]
[Date "2017.11.12"]
[Round "1.13"]
[White "De Frutos Gargallo, Benito"]
[Black "Sanchez Ruiz, Justo"]
[Result "1/2-1/2"]
[WhiteElo "1879"]
[BlackElo "1567"]
[PlyCount "49"]
[EventDate "2017.11.12"]
[EventType "swiss"]
[EventRounds "8"]
[EventCountry "ESP"]
[SourceTitle "EXT 2024"]
[Source "ChessBase"]
[SourceDate "2023.10.10"]
[SourceVersion "1"]
[SourceVersionDate "2023.10.10"]
[SourceQuality "1"]

1. e4 d5 2. exd5 Qxd5 3. Nc3 Qa5 4. Bc4 Nf6 5. d4 c6 6. Qe2 Bf5 7. Nf3 e6 8. Bd2 Bb4 9. Bb3 Nbd7 10. Nh4 Bg6 11. Nxg6 hxg6 12. a3 Bxc3 13. Bxc3 Qc7 14. g3 0-0-0 15. 0-0-0 Nb6 16. Ba5 Rh5 17. Qe1 c5 18. dxc5 Rxd1+ 19. Qxd1 Qxc5 20. Bxb6 Qxb6 21. Qe2 Qc6 22. f3 Rc5 23. Rd1 Nd5 24. Qd3 b5 25. Bxd5 1/2-1/2

[Event "ESP-ch blind 22nd"]
[Site "Benidorm"]
[Date "2010.11.21"]
[Round "8"]
[White "Gamiz Campana, Francisco Javier"]
[Black "Sanchez Ruiz, Justo"]
[Result "0-1"]
[WhiteElo "1742"]
[BlackElo "1772"]
[PlyCount "72"]
[EventDate "2010.11.14"]
[EventType "swiss"]
[EventRounds "8"]
[EventCountry "ESP"]
[SourceTitle "CBM 139 Extra"]
[Source "ChessBase"]
[SourceDate "2011.01.05"]
[SourceVersion "1"]
[SourceVersionDate "2011.01.05"]
[SourceQuality "1"]

1. e4 d5 2. exd5 Qxd5 3. Nc3 Qa5 4. d4 Nf6 5. Nf3 c6 6. Bd2 Bf5 7. Bc4 e6 8. 0-0 Bb4 9. Ne2 Bxd2 10. Qxd2 Qxd2 11. Nxd2 Bxc2 12. Bb3 Bd3 13. Rfe1 Nbd7 14. Nf4 Ba6 15. Nf3 0-0 16. h4 Nd5 17. Nh3 N7f6 18. Ne5 h6 19. g4 Rad8 20. g5 hxg5 21. hxg5 Nd7 22. Bc2 Nxe5 23. dxe5 Ne7 24. Nf4 Rd2 25. Be4 Nd5 26. Nh5 Rxb2 27. Kg2 Nc3 28. Rh1 Nxe4 29. Nf6+ gxf6 30. gxf6 Rxf2+ 31. Kh3 Rf5 32. Rag1+ Rg5 33. Rxg5+ Nxg5+ 34. Kg4 Nh7 35. Kh5 Kh8 36. Rd1 Be2+ 0-1

[Event "Bilbao-ch blind 21st"]
[Site "Bilbao"]
[Date "2008.11.16"]
[Round "1"]
[White "Sanchez Ruiz, Justo"]
[Black "Draghici Flutur, Gavril"]
[Result "0-1"]
[WhiteElo "1790"]
[BlackElo "2153"]
[PlyCount "78"]
[EventDate "2008.11.16"]
[EventType "swiss"]
[EventRounds "8"]
[EventCountry "ESP"]
[SourceTitle "CBM 127 Extra"]
[Source "ChessBase"]
[SourceDate "2009.01.08"]
[SourceVersion "2"]
[SourceVersionDate "2009.01.28"]
[SourceQuality "1"]

1. e4 c5 2. Nf3 Nc6 3. d4 cxd4 4. Nxd4 Nf6 5. Nc3 d6 6. Bc4 e6 7. Bb3 Be7 8. 0-0 0-0 9. f4 Nxd4 10. Qxd4 b6 11. Be3 Ng4 12. Kh1 d5 13. Bg1 Bc5 14. Qd3 Bxg1 15. Kxg1 dxe4 16. Qxe4 Ba6 17. Rad1 Qh4 18. h3 Bxf1 19. hxg4 Ba6 20. f5 exf5 21. Qxf5 Rae8 22. g5 Bc8 23. Qb5 Re1+ 24. Rxe1 Qxe1+ 25. Kh2 Re8 26. Qa4 Qe5+ 27. g3 Rd8 28. Qf4 Qxf4 29. gxf4 Rd2+ 30. Kg3 Bb7 31. f5 Kf8 32. Kf4 f6 33. Ke3 Rg2 34. gxf6 gxf6 35. Nb5 h5 36. Nd6 Bc6 37. Nc8 h4 38. Nxa7 Bb7 39. Nb5 h3 0-1

[Event "ESP-ch Ciegos"]
[Site "Cordoba"]
[Date "2006.11.25"]
[Round "7"]
[White "Pimienta Sanchez, Manuel"]
[Black "Sanchez Ruiz, Justo"]
[Result "0-1"]
[WhiteElo "1915"]
[BlackElo "1818"]
[PlyCount "116"]
[EventDate "2006.11.19"]
[EventType "swiss"]
[EventRounds "9"]
[EventCountry "ESP"]
[SourceTitle "EXT 2008"]
[Source "ChessBase"]
[SourceDate "2007.11.25"]
[SourceVersion "1"]
[SourceVersionDate "2007.11.25"]
[SourceQuality "1"]

1. e4 c5 2. Nc3 d6 3. f4 e6 4. Nf3 Nc6 5. d4 cxd4 6. Nxd4 a6 7. Be2 Nf6 8. Bf3 Qc7 9. Nxc6 bxc6 10. Be3 Rb8 11. Rb1 Be7 12. 0-0 0-0 13. Ne2 Rd8 14. c4 d5 15. cxd5 cxd5 16. e5 Ne4 17. Bxe4 dxe4 18. Qc1 Qa5 19. Nc3 Bb7 20. Qe1 Bb4 21. a3 Bxc3 22. Qxc3 Qxc3 23. bxc3 Bd5 24. Rb4 Rxb4 25. axb4 Bc4 26. Ra1 Rd3 27. Bd4 e3 28. Re1 e2 29. Kf2 Rd2 30. Be3 Rc2 31. Bd4 Kf8 32. g4 g6 33. h4 Ke8 34. Ke3 Kd7 35. Ke4 Rd2 36. Ke3 Rd3+ 37. Ke4 Rh3 38. Bf2 Rxc3 39. Kd4 Rf3 40. Kxc4 Rxf2 41. Kc5 Kc7 42. b5 axb5 43. Kxb5 Kd7 44. Kc5 h6 45. h5 gxh5 46. gxh5 Ke7 47. Kc6 f6 48. Kc5 f5 49. Kc6 Rh2 50. Kc5 Rf2 51. Kc6 Rxf4 52. Rxe2 Re4 53. Rg2 Rxe5 54. Rg6 f4 55. Rxh6 f3 56. Rh7+ Kf6 57. Rh8 Rf5 58. Rh6+ Ke5 0-1